| 000 | 00000nam##2200000za#4500 |
| 001 | 9.600608 |
| 003 | CaOODSP |
| 005 | 20210624205652 |
| 007 | cr ||||||||||| |
| 008 | 150406|1993||||xxc|||||o f|0| 0 fre|d |
| 040 | |aCaOODSP|bfre |
| 043 | |an-cn--- |
| 086 | 1 |aNH18-1/191-1993F-PDF |
| 110 | 2 |aSociété canadienne d'hypothèques et de logement. |
| 245 | 10|aTransmission des sons à travers les planchers : |h[ressource électronique]|bphase III, rapport sommaire / |c[par] A.C.C. Warnock. |
| 260 | |aOttawa - Ontario : |bSociété canadienne d'hypothèques et de logement |c1993. |
| 300 | |a38p.|bréférences, tableaux |
| 490 | 1 |aRapport de recherche |
| 590 | |a11-08-Supp|b2011-06-16 |
| 720 | 1 |aWarnock, A. C. C. |
| 775 | 08|tSound transmission through floors : |w(CaOODSP)9.569478 |
| 830 | #0|aResearch report (Société canadienne d'hypothèques et de logement : En ligne)|w(CaOODSP)9.502470 |
| 856 | 40|ahttp://publications.gc.ca|qPDF|s1.47 Mo|uhttps://publications.gc.ca/collections/collection_2011/schl-cmhc/nh18-1/NH18-1-191-1993-fra.pdf |